[Event "Tournoi Skype 022A"]
[Site "Skype"]
[Date "????.??.??"]
[Round "3.6"]
[White "Slagle, Jim"]
[Black "Siret, Bernard"]
[Result "0-1"]
[WhiteElo "1800"]
[BlackElo "2019"]
[PlyCount "84"]

1. d4 d5 2. Nf3 Nf6 3. e3 c5 4. c3 Nbd7 5. Bd3 e6 6. Nbd2 Qc7 7. O-O a6 8. e4
dxe4 9. Nxe4 b5 10. a4 c4 11. Bc2 Bb7 12. Re1 Be7 13. axb5 axb5 14. Rxa8+ Bxa8
15. Nxf6+ gxf6 16. Qe2 Nb6 17. Bd2 h5 18. Ra1 Bc6 19. Be4 Nd5 20. b3 cxb3 21.
Bxd5 Bxd5 22. Qxb5+ Kf8 23. Ne1 h4 24. Nd3 Bc4 25. Ra8+ Kg7 26. Bh6+ Rxh6 27.
Qe8 Bd8 28. Rxd8 Qxd8 29. Qxd8 Bxd3 30. Qb8 Rh5 31. c4 Bxc4 32. Qb4 Bd5 33. f3
h3 34. g3 Rh8 35. Kf2 Rc8 36. g4 Rc2+ 37. Kg3 b2 38. g5 fxg5 39. Qe7 Kg6 40. f4
Rg2+ 41. Kxh3 b1=Q 42. f5+ Qxf5# 0-1

[Event "Tournoi Skype 022A"]
[Site "Skype"]
[Date "????.??.??"]
[Round "3.7"]
[White "Murgia, Stefano"]
[Black "Hilton, Stephen"]
[Result "0-1"]
[WhiteElo "1729"]
[BlackElo "1892"]
[PlyCount "64"]

1. e4 c5 2. Nf3 d6 3. d4 cxd4 4. Nxd4 Nf6 5. Nc3 a6 6. h3 e5 7. Nde2 Be7 8. g4
h6 9. Be3 Be6 10. Qd2 Nbd7 11. O-O-O Nb6 12. Ng3 Rc8 13. Nf5 Bxf5 14. exf5 Nc4
15. Bxc4 Rxc4 16. f4 Qa5 17. fxe5 dxe5 18. Rhe1 O-O 19. g5 hxg5 20. Bxg5 Rfc8
21. Bxf6 Bxf6 22. Re4 Rxc3 23. bxc3 Qxa2 24. Rb4 Qa3+ 25. Kb1 e4 26. Rb3 Qa5
27. Kb2 Qxf5 28. Qe3 Bg5 29. Qb6 e3 30. Qxb7 e2 31. Re1 Re8 32. Qc6 Qe5 0-1

[Event "Tournoi Skype 022A"]
[Site "Skype"]
[Date "????.??.??"]
[Round "3.8"]
[White "Mulrooney, Justin"]
[Black "Segura Lozano, Marcos Antonio"]
[Result "0-1"]
[WhiteElo "1622"]
[BlackElo "1825"]
[PlyCount "58"]

1. e4 c5 2. Na3 d6 3. Bc4 Nf6 4. d3 a6 5. c3 Nbd7 6. Bg5 h6 7. Bh4 b5 8. Bb3
Bb7 9. Nf3 e6 10. O-O Be7 11. Re1 Qc7 12. Bg3 O-O 13. e5 Ng4 14. d4 Rfd8 15.
Qe2 dxe5 16. h3 Ngf6 17. Nxe5 Nxe5 18. Bxe5 Qc6 19. Qf1 Ne4 20. Rad1 Bg5 21. f4
Ng3 22. Qf2 Bh4 23. Qf3 Qxf3 24. gxf3 Bxf3 25. Rd2 Ne4 26. Rxe4 Bxe4 27. d5
exd5 28. Bd1 Ra7 29. Nc2 f6 0-1

[Event "Tournoi Skype 022A"]
[Site "Skype"]
[Date "????.??.??"]
[Round "3.9"]
[White "Karia, Vijay"]
[Black "Fernandez Cabello, Emilio"]
[Result "1-0"]
[WhiteElo "1814"]
[BlackElo "1685"]
[PlyCount "66"]

1. e4 e6 2. Nc3 c5 3. Nge2 Nc6 4. d4 cxd4 5. Nxd4 Nge7 6. Be3 a6 7. g3 Nxd4 8.
Bxd4 Nc6 9. Bg2 d6 10. O-O Nxd4 11. Qxd4 e5 12. Qd2 Be6 13. Nd5 Bxd5 14. Qxd5
Qc7 15. f4 f6 16. Bh3 Qc5+ 17. Qxc5 dxc5 18. fxe5 fxe5 19. Rf5 Bd6 20. Raf1 Rf8
21. Rxf8+ Bxf8 22. Be6 Ke7 23. Bd5 Rb8 24. Rf7+ Kd6 25. Bxb7 Be7 26. Bxa6 Rxb2
27. Bd3 Rxa2 28. Rxg7 c4 29. Bxc4 Rxc2 30. Bd5 h5 31. Rh7 Rd2 32. Rxh5 Bd8 33.
Rh6+ Ke7 1-0

[Event "Tournoi Skype 022A"]
[Site "Skype"]
[Date "????.??.??"]
[Round "3.10"]
[White "Ibarra Cantu, Raul Alberto"]
[Black "Murolo, Antonio"]
[Result "1/2-1/2"]
[WhiteElo "1924"]
[BlackElo "1675"]
[PlyCount "48"]

1. Nf3 d5 2. c4 e6 3. d4 Nf6 4. Bg5 Be7 5. Nc3 c6 6. e3 Nbd7 7. Bd3 h6 8. Bxf6
Nxf6 9. O-O O-O 10. Rc1 Re8 11. b3 b6 12. Qc2 Bb7 13. e4 dxe4 14. Nxe4 c5 15.
dxc5 Nxe4 16. Bxe4 Bxe4 17. Qxe4 Bxc5 18. Rcd1 Qf6 19. Ne5 Rad8 20. Nd7 Qe7 21.
Qc6 Rc8 22. Qb7 Bd6 23. Qxa7 Rc7 24. Qxb6 Rxd7 1/2-1/2

[Event "Tournoi Skype 022A"]
[Site "Skype"]
[Date "????.??.??"]
[Round "3.11"]
[White "Rugman, Dan"]
[Black "Dal, Ibrahim"]
[Result "1/2-1/2"]
[WhiteElo "1597"]
[BlackElo "1838"]
[PlyCount "67"]

1. e4 c6 2. d4 d5 3. Nc3 dxe4 4. Nxe4 Nd7 5. Ng5 Ngf6 6. Bd3 e6 7. N1f3 Bd6 8.
Qe2 h6 9. Ne4 Nxe4 10. Qxe4 Qc7 11. Qg4 Kf8 12. O-O b6 13. c3 Bb7 14. Re1 Nf6
15. Qh3 c5 16. Bg5 Bxf3 17. Qxf3 Qd8 18. Bxf6 gxf6 19. dxc5 bxc5 20. Rad1 Qb8
21. Be4 Ke7 22. Bxa8 Qxa8 23. Qxa8 Rxa8 24. Rd3 c4 25. Rh3 Rb8 26. Rb1 Be5 27.
Rxh6 Bxc3 28. b3 Bd2 29. Rh4 c3 30. Rc4 a5 31. a4 Rb4 32. Rc5 Kd6 33. Rc8 Kd7
34. Rc5 1/2-1/2

[Event "Tournoi Skype 022A"]
[Site "Skype"]
[Date "????.??.??"]
[Round "3.12"]
[White "Khunte, Aniruddha"]
[Black "Engstrom, Olle"]
[Result "0-1"]
[WhiteElo "1586"]
[BlackElo "1772"]
[PlyCount "86"]

1. e4 e5 2. Nf3 Nc6 3. Bb5 a6 4. Ba4 Nf6 5. O-O Be7 6. Nc3 b5 7. Bb3 O-O 8. a3
d6 9. d4 Bg4 10. Be3 exd4 11. Bxd4 Nxd4 12. Qxd4 c5 13. Qe3 c4 14. Ba2 Qb8 15.
b3 Rc8 16. bxc4 bxc4 17. Nd4 d5 18. Nxd5 Nxd5 19. exd5 Bf6 20. c3 Re8 21. Qd2
Qe5 22. Bxc4 Qh5 23. Nc6 Be2 24. Bxe2 Qxe2 25. Qxe2 Rxe2 26. Rae1 Rae8 27. Rxe2
Rxe2 28. d6 Rd2 29. Re1 g6 30. Ne7+ Kf8 31. Nc8 Bxc3 32. g3 Bd4 33. d7 Bxf2+
34. Kf1 Bxe1 35. Kxe1 Rxd7 36. Ke2 Rb7 37. Nd6 Rb2+ 38. Ke3 Rxh2 39. g4 Rh3+
40. Kf4 Rxa3 41. Ke5 a5 42. Nb5 Ra1 43. Kd4 Rg1 0-1

[Event "Tournoi Skype 022A"]
[Site "Skype"]
[Date "????.??.??"]
[Round "3.14"]
[White "Calcino, Luis"]
[Black "Thoune, Jim"]
[Result "0-1"]
[WhiteElo "1570"]
[BlackElo "1741"]
[PlyCount "76"]

1. d4 Nf6 2. e3 e6 3. Bd3 c5 4. c3 Be7 5. f4 b6 6. Nd2 Bb7 7. Ngf3 O-O 8. O-O
d6 9. e4 Nbd7 10. e5 Nd5 11. Ne4 cxd4 12. Nxd4 dxe5 13. fxe5 Nxe5 14. Bc2 Nf6
15. Nxf6+ Bxf6 16. Bf4 Qd5 17. Qe2 Ng6 18. Rad1 Nh4 19. Nf3 Nxf3+ 20. Rxf3 Qxa2
21. Rh3 g6 22. Bh6 Bg7 23. Qe3 f6 24. Bxg7 Rf7 25. Bh6 Qxb2 26. Qd2 Rc7 27. Bf5
Qb3 28. Bc2 Qc4 29. Rd3 Bd5 30. Qf2 Qc5 31. Be3 Qe7 32. Bd4 Kf7 33. Re3 Rf8 34.
Rf1 Kg7 35. h4 e5 36. h5 Qd6 37. Bxe5 fxe5 38. h6+ Kg8 0-1

[Event "Tournoi Skype 022A"]
[Site "Skype"]
[Date "????.??.??"]
[Round "3.15"]
[White "Yardimci, Ertan"]
[Black "Khetre, Gaurav"]
[Result "1/2-1/2"]
[WhiteElo "1501"]
[BlackElo "1714"]
[PlyCount "79"]

1. d4 Nf6 2. Nf3 e6 3. c4 b6 4. g3 Bb7 5. Bg2 Bb4+ 6. Bd2 Be7 7. Nc3 O-O 8. O-O
d5 9. cxd5 exd5 10. Qc2 Nbd7 11. Bf4 Rc8 12. Rac1 c5 13. Qb3 Re8 14. Rfe1 Nf8
15. e3 Bd6 16. Bxd6 Qxd6 17. Nb5 Qb8 18. Nd2 c4 19. Qa3 Rcd8 20. Qxa7 Qxa7 21.
Nxa7 Ra8 22. Nb5 Rxa2 23. Nd6 Re7 24. Nxb7 Rxb7 25. Nb1 Rxb2 26. Nc3 Rd7 27. e4
dxe4 28. Nxe4 Rxd4 29. Nxf6+ gxf6 30. Bf1 b5 31. Rb1 Rdd2 32. Rxb2 Rxb2 33. Rc1
Rb4 34. Kg2 Ne6 35. Kf3 Rb3+ 36. Ke4 c3 37. Kd5 b4 38. Bd3 Rb2 39. Rc2 Rb3 40.
Kc4 1/2-1/2

[Event "Tournoi Skype 022A"]
[Site "Skype"]
[Date "????.??.??"]
[Round "3.16"]
[White "Rochette, Mathieu"]
[Black "Castillo, Jesus"]
[Result "1-0"]
[WhiteElo "1699"]
[BlackElo "1600"]
[PlyCount "39"]

1. d4 d5 2. Nf3 Nf6 3. c4 e6 4. Bg5 Be7 5. Nc3 O-O 6. e3 Nbd7 7. Bd3 dxc4 8.
Bxc4 c6 9. O-O Re8 10. Qb3 Nb6 11. Bd3 Nbd7 12. Rfd1 h6 13. Bh4 e5 14. dxe5 Ng4
15. e6 fxe6 16. Qxe6+ Kh8 17. Qxg4 Nc5 18. Qg6 Nxd3 19. Rxd3 Qc7 20. Qxe8+ 1-0

[Event "Tournoi Skype 022A"]
[Site "Skype"]
[Date "????.??.??"]
[Round "3.17"]
[White "Thacker, Stephen"]
[Black "Alvarez, Juan Evangelista"]
[Result "1-0"]
[WhiteElo "1693"]
[BlackElo "1573"]
[PlyCount "71"]

1. e4 Nf6 2. Nc3 e5 3. Bc4 Bc5 4. d3 Nc6 5. h3 d6 6. Nf3 Nd4 7. Be3 Nxf3+ 8.
Qxf3 Bxe3 9. Qxe3 Nh5 10. Ne2 Qf6 11. Kd2 O-O 12. g3 Be6 13. Bb3 c5 14. c4 Qd8
15. Rag1 b5 16. Kc2 bxc4 17. dxc4 f5 18. f4 fxe4 19. Kc1 exf4 20. gxf4 Rb8 21.
Rg5 Nxf4 22. Rhg1 Ng6 23. h4 Qf6 24. h5 Nh4 25. Rxg7+ Qxg7 26. Rxg7+ Kxg7 27.
Qg5+ Ng6 28. hxg6 hxg6 29. Qe7+ Bf7 30. Qxe4 Rbe8 31. Qd3 g5 32. Bc2 Re6 33.
Qh7+ Kf6 34. Qh6+ Ke7 35. Qxg5+ Ke8 36. Ba4# 1-0

[Event "Tournoi Skype 022A"]
[Site "Skype"]
[Date "????.??.??"]
[Round "3.18"]
[White "Casey, Eamonn"]
[Black "Bendre, Pankaj"]
[Result "1/2-1/2"]
[WhiteElo "1686"]
[BlackElo "1554"]
[PlyCount "58"]

1. d4 Nf6 2. c4 e6 3. Nf3 d5 4. Bg5 Bb4+ 5. Nc3 Bxc3+ 6. bxc3 O-O 7. cxd5 exd5
8. h3 Be6 9. e3 c6 10. Bd3 Nbd7 11. O-O Qc7 12. Bf4 Qc8 13. Ng5 h6 14. Nxe6
fxe6 15. Rc1 Re8 16. Bg6 Rd8 17. Bd6 Nf8 18. Bxf8 Rxf8 19. Qc2 Qc7 20. c4 Qe7
21. cxd5 exd5 22. Qe2 Qe6 23. f4 Ne4 24. f5 Qd6 25. Rf4 Rac8 26. g4 Qe7 27. Qh2
Qh4 28. Qg2 Qg5 29. Qh2 Qh4 1/2-1/2

[Event "Tournoi Skype 022A"]
[Site "Skype"]
[Date "????.??.??"]
[Round "3.19"]
[White "Trivedi, Viral"]
[Black "Jogi, Kalpesh"]
[Result "1/2-1/2"]
[WhiteElo "1679"]
[BlackElo "1552"]
[PlyCount "75"]

1. d4 d5 2. Bf4 Bf5 3. e3 e6 4. Nf3 Nd7 5. c4 c6 6. c5 Ngf6 7. h3 Qa5+ 8. Nbd2
b6 9. cxb6 Qxb6 10. Qb3 c5 11. Bb5 c4 12. Bxd7+ Nxd7 13. Qxb6 axb6 14. O-O Bb4
15. a3 Bxd2 16. Nxd2 O-O 17. Rfc1 b5 18. Nb1 b4 19. Bd6 bxa3 20. Rxa3 Rfc8 21.
Nc3 Rxa3 22. bxa3 h6 23. f3 Nf6 24. Bc5 Bd3 25. a4 Nd7 26. Bb4 Rb8 27. Bd6 Ra8
28. Ra1 Ra6 29. Bc7 Ra7 30. Bd8 Ra8 31. Be7 Bc2 32. a5 Nb8 33. Bc5 Na6 34. Be7
Rb8 35. e4 Rb3 36. Ra3 dxe4 37. Rxb3 cxb3 38. Ba3 1/2-1/2

[Event "Tournoi Skype 022A"]
[Site "Skype"]
[Date "????.??.??"]
[Round "3.20"]
[White "Martinez, Jose Abel"]
[Black "Le Brun, Yves"]
[Result "1/2-1/2"]
[WhiteElo "1669"]
[BlackElo "1491"]
[PlyCount "105"]

1. d4 Nf6 2. Nf3 d6 3. Bf4 g6 4. h3 Bg7 5. c3 O-O 6. Nbd2 a6 7. e4 e6 8. Bg5 h6
9. Bh4 Qe8 10. Bd3 Nc6 11. O-O Nh7 12. Re1 e5 13. d5 Ne7 14. Rc1 Bd7 15. c4 g5
16. Bg3 Ng6 17. c5 g4 18. Nh4 gxh3 19. c6 bxc6 20. dxc6 Be6 21. Nf5 hxg2 22.
Kxg2 Nf4+ 23. Bxf4 exf4 24. Qh5 f6 25. Nxh6+ Bxh6 26. Qxh6 Rf7 27. Rh1 Rg7+ 28.
Kf3 Qg6 29. Qxg6 Rxg6 30. Rcg1 Kg7 31. Rxh7+ Kxh7 32. e5 Bd5+ 33. Kxf4 dxe5+
34. Ke3 Rag8 35. Rxg6 Rxg6 36. Bxg6+ Kxg6 37. a3 Bxc6 38. f4 Kf5 39. fxe5 Kxe5
40. Nb3 f5 41. Nd4 f4+ 42. Kd3 f3 43. Ke3 Be4 44. Nxf3+ Bxf3 45. Kxf3 Kd4 46.
Ke2 a5 47. Kd2 c5 48. b3 c4 49. b4 axb4 50. axb4 c3+ 51. Kc2 Kc4 52. b5 Kxb5
53. Kxc3 1/2-1/2

[Event "Tournoi Skype 022A"]
[Site "Skype"]
[Date "????.??.??"]
[Round "3.21"]
[White "Chavero, Victor"]
[Black "Yeter, Orhan"]
[Result "1-0"]
[WhiteElo "1461"]
[BlackElo "1635"]
[PlyCount "105"]

1. d4 d5 2. Nf3 Nf6 3. e3 e6 4. Bd3 c6 5. b3 Bd6 6. Bb2 O-O 7. Nbd2 Re8 8. Ne5
Nbd7 9. Qe2 a6 10. Ndf3 Bb4+ 11. c3 Bd6 12. Ng5 Nxe5 13. dxe5 Bxe5 14. Bxh7+
Nxh7 15. Nxh7 Kxh7 16. Qh5+ Kg8 17. Qxe5 Qf6 18. Qxf6 gxf6 19. O-O-O e5 20. g4
Kh7 21. Rdg1 c5 22. g5 Bf5 23. h4 Be4 24. Rh3 Rg8 25. f3 Bf5 26. Rhg3 fxg5 27.
Rxg5 Rxg5 28. Rxg5 Be6 29. Rxe5 Rg8 30. Rh5+ Kg7 31. c4+ Kf8 32. cxd5 Rg1+ 33.
Kd2 Rg2+ 34. Kc3 Bd7 35. Rh8+ Ke7 36. Rb8 b5 37. Rb6 b4+ 38. Kc4 Rxb2 39. Kxc5
Rxa2 40. Kxb4 a5+ 41. Kc3 Rh2 42. Kd4 Rxh4+ 43. f4 Rh1 44. Ke5 Rb1 45. d6+ Kf8
46. Kf6 Rd1 47. Rb8+ Be8 48. Rd8 Rd3 49. e4 Rd1 50. e5 Rd4 51. f5 Rf4 52. d7
Rxf5+ 53. Kxf5 1-0

[Event "Tournoi Skype 022A"]
[Site "Skype"]
[Date "????.??.??"]
[Round "3.24"]
[White "Vello, Pablo"]
[Black "Diaz, Jose Garcia"]
[Result "0-1"]
[WhiteElo "1424"]
[BlackElo "1616"]
[PlyCount "68"]

1. d4 Nf6 2. Bf4 d5 3. e3 Bf5 4. Nf3 Nbd7 5. h3 h6 6. Bd3 Bxd3 7. Qxd3 e6 8.
Nbd2 Be7 9. Ne5 c6 10. Ndf3 Qa5+ 11. c3 Nxe5 12. dxe5 Ne4 13. O-O Qb6 14. Qc2
a5 15. Nd2 Nxd2 16. Qxd2 O-O 17. Qe2 Rfc8 18. b3 c5 19. c4 d4 20. exd4 cxd4 21.
Rfd1 Bc5 22. Rd3 Rd8 23. Qg4 Kf8 24. Rad1 a4 25. Rg3 g5 26. Bd2 d3 27. Qh5
Bxf2+ 28. Kh2 Bxg3+ 29. Kxg3 Kg7 30. h4 Rh8 31. hxg5 hxg5 32. Qxg5+ Kf8 33. Qf6
Rg8+ 34. Kf3 Qc6+ 0-1

[Event "Tournoi Skype 022A"]
[Site "Skype"]
[Date "????.??.??"]
[Round "3.26"]
[White "Luna Perez Vico, Lorenzo"]
[Black "Calderon, Job"]
[Result "1/2-1/2"]
[WhiteElo "1554"]
[BlackElo "1600"]
[PlyCount "77"]

1. e4 e5 2. Nf3 Nc6 3. Bb5 Bc5 4. O-O d6 5. c3 a6 6. Bxc6+ bxc6 7. d4 exd4 8.
cxd4 Bb6 9. Nc3 Ne7 10. Bg5 O-O 11. Re1 Kh8 12. h3 f6 13. Bf4 Ng6 14. Bg3 Bd7
15. Nh4 Be8 16. Nf5 c5 17. Nd5 cxd4 18. Nxb6 cxb6 19. Qxd4 Ne5 20. Red1 Ra7 21.
Bxe5 fxe5 22. Qxe5 Bg6 23. Rxd6 Qg5 24. Qg3 Qxg3 25. fxg3 Bxf5 26. exf5 b5 27.
Rad1 h6 28. g4 a5 29. Rd8 Ra8 30. Rxf8+ Rxf8 31. Rd6 Rc8 32. Rd2 Kh7 33. h4 Rc5
34. h5 Rc4 35. Kh2 Rxg4 36. Kh3 Rc4 37. b3 Rc5 38. g4 b4 39. Kg2 1/2-1/2

[Event "Tournoi Skype 022A"]
[Site "Skype"]
[Date "????.??.??"]
[Round "3.27"]
[White "Martin, Jean-Claude"]
[Black "Vasquez, Oscar"]
[Result "0-1"]
[WhiteElo "1531"]
[BlackElo "1600"]
[PlyCount "78"]

1. d4 d5 2. c4 c6 3. Nc3 Nf6 4. Nf3 e6 5. e3 Nbd7 6. Bd3 Be7 7. O-O O-O 8. b3
h6 9. Bb2 Qc7 10. Rc1 b6 11. cxd5 exd5 12. h3 Bb7 13. Nh4 Ne4 14. Nxd5 Qd8 15.
Nf5 cxd5 16. Nxe7+ Qxe7 17. Rc7 Rab8 18. Qc1 Rfc8 19. Ba3 Qd8 20. Rc2 Rxc2 21.
Bxc2 Rc8 22. f3 Ng3 23. Rf2 Nf6 24. Kh2 Qc7 25. f4 Nfe4 26. Bxe4 Nxe4 27. Qxc7
Rxc7 28. Re2 f5 29. g4 fxg4 30. hxg4 Ba6 31. Rg2 Bd3 32. Bb2 Rc2 33. f5 Kf7 34.
b4 b5 35. a3 a6 36. Rxc2 Bxc2 37. Kg2 Nf6 38. Kg3 Bd1 39. Kf4 Bxg4 0-1

[Event "Tournoi Skype 022A"]
[Site "Skype"]
[Date "????.??.??"]
[Round "3.28"]
[White "Carballo, Jorge"]
[Black "L'Herbon De Lussats, Jean"]
[Result "0-1"]
[WhiteElo "1589"]
[BlackElo "1507"]
[PlyCount "46"]

1. d4 Nf6 2. Nf3 g6 3. c4 Bg7 4. Nc3 O-O 5. e4 d6 6. Be2 b6 7. O-O c5 8. Bg5
Nh5 9. dxc5 bxc5 10. Nd5 f6 11. Bc1 Be6 12. b3 Bf7 13. g4 f5 14. gxh5 Bxa1 15.
Bh6 Bg7 16. Bxg7 Kxg7 17. hxg6 Bxg6 18. Ng5 Qd7 19. exf5 Rxf5 20. Qa1+ Kg8 21.
h4 Re5 22. Bf3 Nc6 23. Ne4 Bxe4 0-1

[Event "Tournoi Skype 022A"]
[Site "Skype"]
[Date "????.??.??"]
[Round "3.31"]
[White "Perez Fermin, Jose"]
[Black "Kruk, Clementine"]
[Result "0-1"]
[WhiteElo "1590"]
[BlackElo "1559"]
[PlyCount "36"]

1. b3 e5 2. Bb2 Nc6 3. d3 d5 4. c4 d4 5. Nf3 Nf6 6. Ba3 Bxa3 7. Nxa3 O-O 8. h3
Re8 9. e4 dxe3 10. fxe3 e4 11. Ng5 exd3 12. Kf2 Qe7 13. Qxd3 Qxa3 14. Be2 b6
15. Rhf1 Bb7 16. Kg1 Rad8 17. Qc3 Qc5 18. Nxf7 Rxe3 0-1

[Event "Tournoi Skype 022A"]
[Site "Skype"]
[Date "????.??.??"]
[Round "3.32"]
[White "Perrone, Gabriel Lorenzo"]
[Black "Hague, Mark"]
[Result "1-0"]
[WhiteElo "1505"]
[BlackElo "1581"]
[PlyCount "87"]

1. d4 Nf6 2. c4 g6 3. Nc3 Bg7 4. e4 O-O 5. Nf3 d6 6. Be2 Nbd7 7. O-O c5 8. Be3
b6 9. Re1 Bb7 10. Qc2 cxd4 11. Bxd4 Nc5 12. e5 dxe5 13. Bxc5 bxc5 14. Nxe5 Qa5
15. Bf3 Bxf3 16. Nxf3 e6 17. Rad1 Rfd8 18. h3 Nh5 19. Rxd8+ Rxd8 20. a3 Bxc3
21. Qxc3 Qxc3 22. bxc3 Rd3 23. Rc1 f6 24. Kf1 Nf4 25. Ne1 Rd2 26. Rb1 Ra2 27.
Rb8+ Kg7 28. Rb7+ Kh6 29. Rxa7 Ra1 30. Ra5 Nd3 31. Ke2 Nxe1 32. Rxc5 Rxa3 33.
Kxe1 Rxc3 34. Kd2 Ra3 35. Rc8 Kg5 36. c5 e5 37. c6 Ra2+ 38. Ke3 Rc2 39. c7 Rc4
40. Kd3 Rc5 41. g3 h5 42. f4+ Kf5 43. fxe5 Rxe5 44. Rd8 1-0

[Event "Tournoi Skype 022A"]
[Site "Skype"]
[Date "????.??.??"]
[Round "3.33"]
[White "Galani, Mahendra"]
[Black "Alvarez, Rafael Andres"]
[Result "0-1"]
[WhiteElo "1491"]
[BlackElo "1578"]
[PlyCount "72"]

1. e4 d5 2. exd5 Qxd5 3. Nc3 Qa5 4. b3 Nf6 5. Bb2 Bf5 6. Na4 e6 7. a3 c6 8. Bc3
Qc7 9. Nf3 Nbd7 10. d4 Bd6 11. g3 b5 12. Nb2 O-O 13. Nd3 a5 14. b4 axb4 15.
axb4 Ne4 16. Bb2 Ndf6 17. Nc5 Nd5 18. Nxe4 Bxe4 19. c3 f5 20. Bg2 f4 21. Qe2
Rxa1+ 22. Bxa1 Bg6 23. O-O fxg3 24. fxg3 Bf7 25. Bh3 Re8 26. Ng5 Nf6 27. Bxe6
Bxe6 28. Nxe6 Qe7 29. Re1 Nd5 30. Kf2 Qf6+ 31. Qf3 Rxe6 32. Qxf6 Rxf6+ 33. Kg2
Nb6 34. Re8+ Kf7 35. Re2 Nc4 36. d5 cxd5 0-1

[Event "Tournoi Skype 022A"]
[Site "Skype"]
[Date "????.??.??"]
[Round "4.1"]
[White "Devos, Piet"]
[Black "Gasperoni, Claudio"]
[Result "0-1"]
[WhiteElo "2211"]
[BlackElo "1853"]
[PlyCount "68"]

1. e4 e5 2. Nf3 Nc6 3. Bb5 Nf6 4. d3 d6 5. c3 g6 6. h3 Bg7 7. O-O O-O 8. Re1 a6
9. Ba4 b5 10. Bb3 Na5 11. Bc2 c5 12. d4 cxd4 13. cxd4 exd4 14. Nxd4 Bb7 15. Bg5
Qb6 16. Nf3 Nc4 17. Nbd2 Nxb2 18. Qb1 Nd7 19. e5 Bxf3 20. Nxf3 Nc4 21. e6 Nde5
22. Nxe5 Bxe5 23. e7 Rfe8 24. Bb3 Qc5 25. Bh4 Ra7 26. Qd1 Bxa1 27. Qxa1 d5 28.
Bf6 Raxe7 29. Rxe7 Rxe7 30. Bh8 f5 31. Bd4 Qd6 32. Qc1 Re4 33. Qc3 b4 34. Qa1
Qe6 0-1

[Event "Tournoi Skype 022A"]
[Site "Skype"]
[Date "????.??.??"]
[Round "4.2"]
[White "Gomez, Ken"]
[Black "Benson, Paul"]
[Result "1-0"]
[WhiteElo "1900"]
[BlackElo "2015"]
[PlyCount "69"]

1. d4 f5 2. g3 Nf6 3. Bg2 d6 4. c4 g6 5. Nc3 Bg7 6. Nf3 O-O 7. O-O Na6 8. a3 c5
9. d5 h6 10. Qc2 e5 11. dxe6 Bxe6 12. Nh4 Kh7 13. Bxb7 Bxc4 14. Bxa8 Qxa8 15.
Rd1 d5 16. b3 d4 17. bxc4 dxc3 18. f3 Qc8 19. Rb1 Nd7 20. Rd6 Ne5 21. Qxc3 Nf7
22. Qd3 Nxd6 23. Qxd6 Rf6 24. Qe7 Re6 25. Qxa7 Kg8 26. Rb7 Qf8 27. Rb6 Rxe2 28.
Rxa6 Re1+ 29. Kg2 Rxc1 30. Nxg6 Qf7 31. Qxc5 Rxc4 32. Ne7+ Kh8 33. Ra8+ Bf8 34.
Rxf8+ Qxf8 35. Ng6+ 1-0

[Event "Tournoi Skype 022A"]
[Site "Skype"]
[Date "????.??.??"]
[Round "4.3"]
[White "Siret, Bernard"]
[Black "Karia, Vijay"]
[Result "1-0"]
[WhiteElo "2019"]
[BlackElo "1814"]
[PlyCount "51"]

1. e4 d5 2. d4 dxe4 3. Nc3 Bf5 4. f3 exf3 5. Nxf3 c6 6. Ne5 Nd7 7. Bf4 e6 8.
Bd3 Bxd3 9. Qxd3 Ngf6 10. O-O-O Nh5 11. Qf3 Nxf4 12. Qxf4 Nf6 13. g4 Qc7 14. g5
Ng8 15. Rhf1 f6 16. gxf6 Nxf6 17. Ne4 Nxe4 18. Qxe4 Qe7 19. Nxc6 Qg5+ 20. Kb1
Qg6 21. Qf3 Bd6 22. Ne5 Bxe5 23. Qxb7 Rb8 24. Qc6+ Ke7 25. dxe5 Rhd8 26. Qc5+
1-0

[Event "Tournoi Skype 022A"]
[Site "Skype"]
[Date "????.??.??"]
[Round "4.4"]
[White "Hilton, Stephen"]
[Black "Lambert, Pierre"]
[Result "1/2-1/2"]
[WhiteElo "1892"]
[BlackElo "1804"]
[PlyCount "76"]

1. d4 d5 2. c4 e6 3. Nc3 Nf6 4. Nf3 c6 5. Bg5 Nbd7 6. e3 Be7 7. Qc2 O-O 8. cxd5
exd5 9. Bd3 Re8 10. O-O h6 11. Bh4 Ne4 12. Bg3 Nxg3 13. hxg3 Nf6 14. Rab1 Bd6
15. b4 Bg4 16. Nh4 Qe7 17. b5 Rac8 18. Nf5 Bxf5 19. Bxf5 Rc7 20. Qb3 g6 21. Bd3
Bxg3 22. bxc6 Ng4 23. Nxd5 Bh2+ 24. Kh1 Qh4 25. g3 Bxg3+ 26. Kg2 Bxf2 27. Kf3
Nh2+ 28. Ke2 Nxf1 29. Rxf1 Rxe3+ 30. Nxe3 Bxe3 31. Kxe3 Re7+ 32. Kd2 bxc6 33.
Bxg6 Qxd4+ 34. Bd3 Qe3+ 35. Kc2 Qc5+ 36. Kd2 Qe3+ 37. Kc2 Qc5+ 38. Kd2 Qe3+
1/2-1/2

[Event "Tournoi Skype 022A"]
[Site "Skype"]
[Date "????.??.??"]
[Round "4.5"]
[White "Segura Lozano, Marcos Antonio"]
[Black "Rico Hernandez, Edgar"]
[Result "0-1"]
[WhiteElo "1825"]
[BlackElo "1861"]
[PlyCount "90"]

1. c4 e6 2. d4 d5 3. Nc3 Nf6 4. Bg5 Nbd7 5. cxd5 exd5 6. Nf3 Be7 7. Rc1 c6 8.
e3 O-O 9. Bd3 Re8 10. h4 Nf8 11. Qc2 Nh5 12. Kd2 h6 13. Bxe7 Qxe7 14. Rce1 Be6
15. Ne5 Nf6 16. f3 N6d7 17. Nxd7 Bxd7 18. Kc1 Qf6 19. Kb1 Rad8 20. h5 Bc8 21.
Qf2 Be6 22. Rh4 Nd7 23. g4 c5 24. f4 cxd4 25. exd4 Nb6 26. Rg1 Qe7 27. g5 hxg5
28. Rxg5 Bc8 29. Rh1 Qe3 30. Qf1 Nc4 31. Bxc4 dxc4 32. Qg2 Qxd4 33. Rg1 Kh8 34.
Rxg7 Bf5+ 35. Ka1 Qf6 36. h6 Bg6 37. f5 Qxf5 38. Rf1 Qe6 39. Qf2 Rd7 40. Rg1
Red8 41. Re1 Qd6 42. a3 a6 43. Qe2 Rg8 44. Rxg8+ Kxg8 45. Qe8+ Kh7 0-1

[Event "Tournoi Skype 022A"]
[Site "Skype"]
[Date "????.??.??"]
[Round "4.6"]
[White "Deville, Olivier"]
[Black "Mordaa, Ahmad"]
[Result "1-0"]
[WhiteElo "1991"]
[BlackElo "1467"]
[PlyCount "101"]

1. d4 Nf6 2. c4 e5 3. dxe5 Ng4 4. Nf3 Nc6 5. e3 Ngxe5 6. Nxe5 Nxe5 7. Be2 Be7
8. O-O O-O 9. b3 Bf6 10. Nc3 Nf3+ 11. Bxf3 Bxc3 12. Rb1 d6 13. Qc2 Bf6 14. Ba3
Re8 15. Rbd1 g6 16. c5 Qe7 17. cxd6 cxd6 18. Bxd6 Qe6 19. Bf4 Qe7 20. Bd6 Qe6
21. Bd5 Qd7 22. Qc7 Qxc7 23. Bxc7 Be5 24. Bxe5 Rxe5 25. Bf3 Re8 26. Rd4 Rb8 27.
Rfd1 Be6 28. Bd5 Bxd5 29. Rxd5 Kf8 30. Kf1 Rbc8 31. Rd7 Re7 32. Rd8+ Rxd8 33.
Rxd8+ Re8 34. Rxe8+ Kxe8 35. Ke2 Kd7 36. Kd3 Kd6 37. Kd4 f5 38. e4 fxe4 39.
Kxe4 Ke6 40. f4 h5 41. g3 b5 42. h3 a5 43. g4 hxg4 44. hxg4 b4 45. f5+ gxf5+
46. gxf5+ Kf6 47. Kd5 Kxf5 48. Kc5 Ke5 49. Kb5 Kd5 50. Kxa5 Kc5 51. Ka4 1-0

[Event "Tournoi Skype 022A"]
[Site "Skype"]
[Date "????.??.??"]
[Round "4.7"]
[White "Thacker, Stephen"]
[Black "Lopez, Jose Luis"]
[Result "1/2-1/2"]
[WhiteElo "1693"]
[BlackElo "1897"]
[PlyCount "50"]

1. e4 c5 2. Nf3 Nc6 3. Bb5 g6 4. Bxc6 dxc6 5. d3 Bg7 6. O-O Nf6 7. Nc3 O-O 8.
Be3 b6 9. Qd2 Ng4 10. Bf4 e5 11. Be3 Nxe3 12. Qxe3 f5 13. exf5 gxf5 14. Qe2 Qd6
15. Rfe1 Ba6 16. Nxe5 Rae8 17. f4 Qd4+ 18. Qf2 Bxe5 19. fxe5 Rxe5 20. Rxe5 Qxe5
21. Re1 Qd4 22. Re7 Rf7 23. Qxd4 cxd4 24. Rxf7 Kxf7 25. Ne2 c5 1/2-1/2

[Event "Tournoi Skype 022A"]
[Site "Skype"]
[Date "????.??.??"]
[Round "4.8"]
[White "Ricieri, Vinicius"]
[Black "Chavero, Victor"]
[Result "1-0"]
[WhiteElo "1857"]
[BlackElo "1461"]
[PlyCount "57"]

1. d4 Nf6 2. c4 e6 3. Nf3 c5 4. g3 Qa5+ 5. Bd2 Qa6 6. Qc2 cxd4 7. Nxd4 Qb6 8.
e3 Bc5 9. Bc3 Nc6 10. Nb3 Bb4 11. Bg2 Bxc3+ 12. Nxc3 O-O 13. O-O Rd8 14. Rad1
Ne5 15. c5 Qa6 16. Rd6 Nc6 17. Rfd1 Ne8 18. Bf1 b5 19. Bxb5 Nb4 20. Qe4 Nxd6
21. Rxd6 Bb7 22. Qxb4 Qxd6 23. cxd6 Rab8 24. Qh4 Bc6 25. Bxc6 dxc6 26. Ne4 h6
27. Nd4 Rbc8 28. Nxc6 g5 29. Qxh6 1-0

[Event "Tournoi Skype 022A"]
[Site "Skype"]
[Date "????.??.??"]
[Round "4.9"]
[White "Engstrom, Olle"]
[Black "K, Muthuraman"]
[Result "1-0"]
[WhiteElo "1772"]
[BlackElo "1438"]
[PlyCount "58"]

1. e4 e5 2. Nf3 Nf6 3. d4 Nxe4 4. Bd3 d5 5. Nxe5 Nd7 6. O-O Be7 7. c4 c6 8. Re1
Nef6 9. cxd5 Nxd5 10. Nc3 N7f6 11. Qe2 O-O 12. Nxd5 Nxd5 13. Qh5 Nf6 14. Qh4 c5
15. Bg5 h6 16. Bxh6 gxh6 17. Qxh6 cxd4 18. Nf3 Re8 19. Re5 Ne4 20. Rh5 Bf6 21.
Bxe4 Rxe4 22. Qh7+ Kf8 23. Qxe4 Qe7 24. Qxe7+ Bxe7 25. h3 Bf6 26. Rd1 Be6 27.
Nxd4 Rd8 28. Nxe6+ fxe6 29. Rxd8+ Bxd8 1-0